000 04202cam a22001934a 4500
005 20250605164111.0
008 250528s ||||||||||||||||||||||||d
035 _a17895
040 _aGR-AtMCL
_bgre
_dGR-AtMCL
_eAACR2
245 1 _aΕπιχειρησιακή Πολιτική και Στρατηγική / Πανεπιστημιακές Παραδόσεις
260 _bΑθήνα,
_c1994
300 _a192
505 0 _aΣτρατηγική και Προγραμματισμός: Έννοιες και Απόψεις και Τάσεις και Εννοιολογικό Μοντέλο Στρατηγικού Προγραμματισμού, Ανάλυση Περιβάλλοντος και Στρατηγική και Δομική Ανάλυση Ανταγωνισμού, Βασικές Στρατηγικές Ανταγωνισμού, Βαθμός Συγκέντρωσης και Ανταγωνισμός, Εναρμόνιση Στρατηγικής με το Περιβάλλον και Γενικές Στρατηγικές Επιλογές, Οικονομίες Μεγέθους και Εμπειρίας και Στρατηγική και Καμπύλες Εμπερίας, Τεχνικές Ανάλυση και Αξιολόγησης Στρατηγικής και Χαρτοφυλάκιο Προϊόντων και Πίνακες ''Ρυθμού Ανάπτυξης-Μερίδας Αγοράς'', Διερεύνηση του Μέλλοντος και Ανάλυση Σεναρίων, Μηχανισμοί Υλοποίησης Στρατηγικής: Οργάνωση του Συστήματος Στρατηγικού Προγραμματισμού, Εισαγωγή Επιχειρησιακού Προγραμματισμού και ο Ρόλος της Διεύθυνσης Προγραμματισμού, Η Αξία του Τυπικού Προγραμματισμού: Πρέπει οι Μικρομεσαίες Επιχειρήσεις να Έχουν Τυπικά Προγράμματα; Στρατηγικός Προγραμματισμός και Οργανωτική Δομή και Συστήματα, Αξιολόγηση του Συστήματος Στρατηγικού Προγραμματισμού, Βιβλιογραφία.
520 _aΣτρατηγική και Προγραμματισμός: Έννοιες και Απόψεις και Τάσεις και Εννοιολογικό Μοντέλο Στρατηγικού Προγραμματισμού, Ανάλυση Περιβάλλοντος και Στρατηγική και Δομική Ανάλυση Ανταγωνισμού, Βασικές Στρατηγικές Ανταγωνισμού, Βαθμός Συγκέντρωσης και Ανταγωνισμός, Εναρμόνιση Στρατηγικής με το Περιβάλλον και Γενικές Στρατηγικές Επιλογές, Οικονομίες Μεγέθους και Εμπειρίας και Στρατηγική και Καμπύλες Εμπερίας, Τεχνικές Ανάλυση και Αξιολόγησης Στρατηγικής και Χαρτοφυλάκιο Προϊόντων και Πίνακες ''Ρυθμού Ανάπτυξης-Μερίδας Αγοράς'', Διερεύνηση του Μέλλοντος και Ανάλυση Σεναρίων, Μηχανισμοί Υλοποίησης Στρατηγικής: Οργάνωση του Συστήματος Στρατηγικού Προγραμματισμού, Εισαγωγή Επιχειρησιακού Προγραμματισμού και ο Ρόλος της Διεύθυνσης Προγραμματισμού, Η Αξία του Τυπικού Προγραμματισμού: Πρέπει οι Μικρομεσαίες Επιχειρήσεις να Έχουν Τυπικά Προγράμματα; Στρατηγικός Προγραμματισμός και Οργανωτική Δομή και Συστήματα, Αξιολόγηση του Συστήματος Στρατηγικού Προγραμματισμού, Βιβλιογραφία.
700 1 _aΛιούκας Σπύρος
_91814
942 _cBK
999 _c3294
_d3294